000 00795nai a2200205Ia 4500
003 IN-BaIIA
008 211028c9999 xx s 000 0 eng d
022 _a0018-9332 (Print)
022 _a2162-2175 (Online)
040 _cIIA Library
245 0 _aIEEE Transactions on Communication Technology
_h[eJournal]
260 _aNew York, USA
_bThe Institute of Electrical and Electronics Engineers, Inc. (IEEE)
310 _aBimonthly
362 _a12(3); 1964 - 19(6); 1971
521 _bSubscribed through National Knowledge Resource Consortium (NKRC)
650 _a Signal Processing and Analysis
_948813
650 _aCommunication, Networking and Broadcast Technologies
856 _uhttps://ieeexplore.ieee.org/servlet/opac?punumber=4547467
_yClick Here to Access eJournal
942 _cEJ
999 _c34638
_d34638